000 02345nam0a2200373 i 4500
001 RU\NLR\BIBL_A\010855675
005 20240921141004.0
010 _a9785398013566
_9100
021 _aRU
_b2015-64071
_93821
035 _a(NILC)RuMoRGB-008002616
035 _a(NLR Aleph) 010855675
090 _a10395036
_c10395036
100 _a20151005d2015 km y0rusy50 ca
101 0 _arus
102 _aRU
105 _aa j 000yy
200 1 _aОдноковшовые погрузчики
_eучебно-методическое пособие
_e[для магистрантов автодорожных факультетов вузов, обучающихся по направлениям 23.04.02 "Наземные транспортно-технологические комплексы" и 23.04.03 "Эксплуатация транспортно-технологических машин и комплексов"]
_fЛ. Б. Белоногов, А. В. Озеров, А. С. Гришкевич, Л. В. Янковский
_gМ-во образования и науки Рос. Федерации, Федер. гос. бюджет. образоват. учреждение высш. проф. образования "Пермский нац. исслед. политехн. ун-т"
210 _aПермь
_cИзд-во Пермского национального исследовательского политехнического университета
_d2015
215 _a154 с.
_cил.
_d21
300 _aНа обл. авт. не указаны
320 _aБиблиогр.: с. 54, 145
606 1 _aПогрузчики одноковшовые
_jУчебно-методические пособия для высших учебных заведений
_92183410
_3RU\NLR\AUTH\661312853
675 _a621.86/.87
686 1 _aО951.6я73-1
701 1 _aБелоногов
_bЛ. Б.
_gЛеонид Борисович
701 1 _aОзеров
_bА. В.
_gАлексей Викторович
701 1 _aГришкевич
_bА. С.
_gАлексей Сергеевич
701 1 _aЯнковский
_bЛ. В.
_gЛеонид Вацлавович
801 0 _aRU
_bРГБ
_c20150821
_gRCR
801 1 _aRU
_bРГБ
_c20150821
_2rusmarc
942 _cBOOK
980 _aNBR